000 00513nam a2200157Ia 4500
008 240729s9999 xx 000 0 und d
022 _a2721-2904
245 0 _aInternational Journal of Research in STEM Education
260 _aIndonesia
260 _bThe Institute of Research and Community Services, Universitas Terbuka
650 _a Theory and practice of education | Science
650 _aEducation
856 _uhttps://doaj.org/toc/3e452960b1fa40ed9fa01db45debb56b
942 _2ddc
942 _cDOAJEJ
999 _c73383
_d73383
945 _a1
_bMadushi Gamage
_c1
_dMadushi Gamage